| 000 | 00869cam a2200253 4500 | ||
|---|---|---|---|
| 001 | ABS62912 | ||
| 008 | 000000n2000 000 0 eng u | ||
| 035 | _a(Sirsi) u108498 | ||
| 100 | _aEdwards, M. | ||
| 245 | _aCLEUD-up in planning | ||
| 260 | _c2000 | ||
| 490 |
_aEstates Gazette _v(0036) 9 September 2000, 162(1) |
||
| 520 | _aDiscusses two recent cases which have highlighted the problems that councils may face when dealing with certificates of lawfulness of existing use or development (CLEUD). | ||
| 590 | _aABS | ||
| 650 | _aCLEUD | ||
| 650 | _aR V EPPING FOREST DC EX P PHILCOX | ||
| 650 | _aR V SURREY CC EX P BRIDGE COURT HOLDINGS | ||
| 650 | _aCERTIFICATE OF LAWFUL USE | ||
| 650 | _aPLANNING PERMISSION | ||
| 650 | _aPLANNING AND COMPENSATION ACT 1991 | ||
| 690 |
_aPlanning and development _96259 |
||
| 700 | _aMartin, J. | ||
| 942 | _n0 | ||
| 999 |
_c64781 _d64781 |
||